Entre el silencio y la voz / (Record no. 181931)

MARC details
000 -LEADER
campo de control de longitud fija 00947nam a2200253 i 4500
001 - NÚMERO DE CONTROL
campo de control 181931
003 - IDENTIFICADOR DE NÚMERO DE CONTROL
campo de control ES-MaACL
005 - FECHA Y HORA DE LA ÚLTIMA TRANSACCIÓN
campo de control 20250527045222.0
008 - DATOS DE LONGITUD FIJA--INFORMACIÓN GENERAL
campo de control de longitud fija 130507s2005 sp | |||| ||spa d
020 ## - NÚMERO INTERNACIONAL ESTÁNDAR DEL LIBRO
Número Internacional Estándar del Libro 84-7731-424-1
080 ## - NÚMERO DE LA CLASIFICACIÓN DECIMAL UNIVERSAL
Número de la Clasificación Decimal Universal 821.134.2(82)-14"19"
100 1# - ENTRADA PRINCIPAL--NOMBRE DE PERSONA
Nombre de persona Donoso Machado, Silvia.
9 (RLIN) 152727
245 10 - MENCIÓN DEL TÍTULO
Título Entre el silencio y la voz /
Mención de responsabilidad, etc. Silvia Donoso Machado ; ilustraciones, Renata Sanguinetti ; prólogo de Jorge Urrutia.
260 ## - PUBLICACIÓN, DISTRIBUCIÓN, ETC.
Lugar de publicación, distribución, etc. Madrid :
Nombre del editor, distribuidor, etc. Endymion,
Fecha de publicación, distribución, etc. [2005]
300 ## - DESCRIPCIÓN FÍSICA
Extensión 65 p. :
Otras características físicas il. ;
Dimensiones 20 cm.
490 1# - MENCIÓN DE SERIE
Mención de serie Poesía ;
Designación de volumen o secuencia 309
700 1# - ENTRADA AGREGADA--NOMBRE PERSONAL
Nombre de persona Sanguinetti, Renata.
9 (RLIN) 152728
700 1# - ENTRADA AGREGADA--NOMBRE PERSONAL
Nombre de persona Urrutia, Jorge,
Fechas asociadas al nombre 1945-
9 (RLIN) 112247
830 1# - PUNTO DE ACCESO ADICIONAL DE SERIE-TÍTULO UNIFORME
Título uniforme Poesía ;
Designación de volumen o secuencia 309
9 (RLIN) 177794
852 ## - LOCALIZACIÓN
Ubicación ES-MaACL
Número de control de estantería A-12622
itemnumber 188839
Sublocalización o colección R.148871
Ubicación en estantería Depósito 1
Signatura antigua Olim: N-5624
Encuadernación Donación: Silvia Donoso Machado
Nota libre Dedicatoria autógrafa de la autora
903 ## - NOMBRE PERSONAL DE DONANTE
9 152727
a Donoso Machado, Silvia
e Donante
942 ## - ELEMENTOS DE ENTRADA SECUNDARIOS (KOHA)
Fuente del sistema de clasificación o colocación Clasificación decimal universal
Tipo de ítem Koha Libro impreso
Holdings
Estatus retirado Estado de pérdida Fuente del sistema de clasificación o colocación Estado de daño No para préstamo Colección Biblioteca de origen Biblioteca actual Ubicación en estantería Fecha de adquisición Fuente de adquisición Total de préstamos Signatura topográfica completa Código de barras Visto por última vez Precio de reemplazo Tipo de ítem Koha Nota pública
    Clasificación decimal universal     Libros con dedicatorias Biblioteca del Ateneo de Madrid Biblioteca del Ateneo de Madrid Depósito 1 07/05/2013 Donación   A-12622 1191189 23/02/2023 23/02/2023 Libro impreso Dedicatoria autógrafa de la autora